People, places and planet (Record no. 109556)

MARC details
000 -LEADER
fixed length control field 01218cad a22002415a 4500
001 - CONTROL NUMBER
control field E147448
008 - FIXED-LENGTH DATA ELEMENTS--GENERAL INFORMATION
fixed length control field 090512s2009 xxkao f 000 0 eng d
035 ## - SYSTEM CONTROL NUMBER
System control number (Sirsi) u147448
041 0# - LANGUAGE CODE
Language code of text/sound track or separate title eng
050 04 - LIBRARY OF CONGRESS CALL NUMBER
Classification number 333.72 $2 18
110 2# - MAIN ENTRY--CORPORATE NAME
Corporate name or jurisdiction name as entry element Architecture and Design Scotland
9 (RLIN) 5714
245 00 - TITLE STATEMENT
Title People, places and planet
Remainder of title a position paper on sustainable development
Medium [electronic resource]
260 ## - PUBLICATION, DISTRIBUTION, ETC.
Place of publication, distribution, etc. Edinbugh
Name of publisher, distributor, etc. A+DS
Date of publication, distribution, etc. 2009
300 ## - PHYSICAL DESCRIPTION
Extent 47p.
Other physical details col. ill.
Dimensions 21cm.
505 2# - FORMATTED CONTENTS NOTE
Formatted contents note Introduction -- The climate challenge -- Sustainable places -- Sustainable buildings -- Tools for assessment -- Public sector roles -- Third and private sector roles -- Conclusions
520 ## - SUMMARY, ETC.
Summary, etc. Architecture and Design Scotland's position paper on sustainability, which discusses how the design of the built environment can help to address the challenges of climate change and sustainability.
521 ## - TARGET AUDIENCE NOTE
Target audience note Advanced
590 ## - LOCAL NOTE (RLIN)
Local note KA
651 #4 - SUBJECT ADDED ENTRY--GEOGRAPHIC NAME
Geographic name Scotland
Chronological subdivision 1999-
690 ## - LOCAL SUBJECT ADDED ENTRY--TOPICAL TERM (OCLC, RLIN)
Topical term or geographic name as entry element Planning and development
9 (RLIN) 6259
856 40 - ELECTRONIC LOCATION AND ACCESS
Uniform Resource Identifier <a href="https://www.ads.org.uk/download/4966-people-places-and-planet&sa=U&ei=uye2T9KWB7Cp0AXYvJS_Cg&ved=0CBkQFjAC&usg=AFQjCNHZssGdx_uLBqpu7YESM1DU2jbsYw">https://www.ads.org.uk/download/4966-people-places-and-planet&sa=U&ei=uye2T9KWB7Cp0AXYvJS_Cg&ved=0CBkQFjAC&usg=AFQjCNHZssGdx_uLBqpu7YESM1DU2jbsYw</a>
Public note View the paper free of charge at www.ads.org.uk...
942 ## - ADDED ENTRY ELEMENTS (KOHA)
Suppress in OPAC 0
Holdings
Withdrawn status Lost status Source of classification or shelving scheme Damaged status Not for loan Home library Current library Shelving location Date acquired Total Checkouts Full call number Barcode Date last seen Copy number Price effective from Koha item type
    Dewey Decimal Classification     Virtual Virtual Online 12/05/2009   ONLINE PUBLICATION 147448-2001 06/08/2019 1 06/08/2019 Book